Top 15 Most Followed (Active) Mappers On TikTok - Statistics

General Stats
  • This quiz has been taken 45 times
  • The average score is 5 of 15
Answer Stats
Followers Answer % Correct
393.5K Ireland..Countryball
97%
59.7K FrenchMapperEU
67%
193.9K A.Geography
48%
352.2K DGCuriosities
42%
109.8K PortugalCountrybali
39%
61.0K DutchGeo
36%
170.5k 06.Cat
33%
75.1K FishyMaps
27%
122.7K ItsAdem12
27%
44.7K mapper_from.greece
21%
125.8K Warsaw.Mapper
21%
69.7K FinnishMaps
18%
72.2K EuropeInMaps
15%
109.8K MapasLatinos
15%
50.8K Maghreb_Mapping
12%
No matching quizzes found
Score Distribution
Percent of People with Each Score
Percentile by Number Answered
Your Score History
You have not taken this quiz